Ordo iuris: storia e forme dell'esperienza giuridica
Guardado en:
| Autores principales: | , , , , , , , , , |
|---|---|
| Otros Autores: | |
| Formato: | Libro |
| Lenguaje: | italiano |
| Publicado: |
Milán
Dott. A. Giuffrè
2003
|
| Materias: | |
| Etiquetas: |
Agregar Etiqueta
Sin Etiquetas, Sea el primero en etiquetar este registro!
|
MARC
| LEADER | 00000nam a2200000 a 4500 | ||
|---|---|---|---|
| 001 | UCL4064 | ||
| 003 | CL-VaPUC | ||
| 008 | 031219e20030000IT |||||||||||||||||ita|d | ||
| 020 | |a 8814099448 | ||
| 082 | 0 | 4 | |a 340.11 |b SBR |2 21 |
| 100 | 0 | |a Sbriccoli, Mario |e author |9 481554 | |
| 700 | 0 | |a Costa, Pietro |e author |9 481555 | |
| 700 | 0 | |a Fioravanti, Maurizio |e author |9 481556 | |
| 700 | 0 | |a Cappellini, Paolo |e author |9 481557 | |
| 700 | |a Mannori, Luca |e autor |9 496576 | ||
| 700 | 0 | |a Sordi, Bernardo |e author |9 481559 | |
| 700 | 0 | |a Cazzetta, Giovanni |e author |9 481560 | |
| 700 | 0 | |a Rossi, Giovanni |e author |9 481561 | |
| 700 | 0 | |a Mannoni, Stefano |e author |9 481562 | |
| 700 | 0 | |a Volante, Raffaele |e author |9 481563 | |
| 700 | 0 | |a Stolzi, Irene |e author |9 481564 | |
| 245 | 1 | 0 | |a Ordo iuris: storia e forme dell'esperienza giuridica |
| 300 | |a 419 p | ||
| 942 | |c BK | ||
| 945 | |d 20031219 00:00:00 |a cmena | ||
| 260 | |a Milán |b Dott. A. Giuffrè |c 2003 | ||
| 650 | 0 | |a Filosofía del derecho |9 255050 | |
| 650 | 7 | |a INTERPRETACION DEL DERECHO |2 CL-VaPUC |9 481565 | |
| 650 | 0 | |a Justicia |9 255408 | |
| 650 | 0 | |a Poder judicial |9 254871 | |
| 650 | 0 | |a Historia del derecho |9 255109 | |
| 583 | |a last modification |c 20031219 00:00:00 |k Rodrigo Vera | ||
| 999 | |c 307013 |d 307011 | ||
| 952 | |0 0 |1 0 |4 0 |6 340_110000000000000_SBR_2003 |7 0 |8 DER_HIS |9 372476 |a BIBDER |b BIBDER |d 2019-11-21 |i 3963969 |o 340.11 SBR 2003 |p 3963969 |r 2023-01-25 |w 2019-11-21 |x Ubicación 4to Piso |y BK |z Estos recursos deben solicitarse con anticipación |k DER | ||
| 952 | |0 0 |1 0 |4 0 |6 340_110000000000000_SBR_2003 |7 0 |8 DER_HIS |9 372477 |a BIBDER |b BIBDER |d 2019-11-21 |i 4216520 |o 340.11 SBR 2003 |p 4216520 |r 2023-01-25 |w 2019-11-21 |x Ubicación 4to Piso |y BK |z Estos recursos deben solicitarse con anticipación |k DER | ||